000 01133nam a2200241 a 4500
001 000013470
005 20240412074239.0
008 091125s2001 mx r 000 p spa d
040 _aDO-SdBNP
_bspa
_cBNPHU
082 _aRD861.44
_bM632d
100 1 _aMieses, Juan Carlos,
_d1947-
_925472
245 1 0 _aDesde las islas /
_cJuan Carlos Mieses; prólogo T. S. Elliot.
260 _aChetumal, Quintana Roo :
_bGobierno del Estado Libre y el Soberano de Quintana Roo,
_c2001.
300 _a79 p. ;
_c21 cm.
500 _aIII Premio Internacional de Poesía Caribeña ¨Nicolás Guillén¨ 2001. Convocado por la Unión Nacional de Escritores y Artistas de Cuba, el Instituto Quitanarroense de Cultura, el H. Ayuntamiento de Othón Blanco y la Fundación Nicolás Guillén.-- En portada.
500 _aIncluye datos biográficos del autor.
586 _aIII Premio Internacional de Poesía Caribeña ¨Nicolás Guillén¨, 2001.
590 _aInventariado, 2018/BT
650 0 _aPoesía dominicana
_966
650 0 _aLiteratura dominicana.
_967
700 1 _aElliot, T. S.
_930780
910 _aValidado. Control de calidad. MMOLINA
999 _c13094
_d13094